The teacher's funeral: a comedy in three parts (Record no. 36371)

MARC details
000 -LEADER
fixed length control field 00414nam a2200169Ia 4500
020 ## - INTERNATIONAL STANDARD BOOK NUMBER
ISBN 0- 8037- 2736- 4
050 ## - CALL MARK
Classification number PZ7.P338/
100 ## - STATEMENT OF RESPONSIBILITY--MAIN AUTHOR NAME
Personal name Richard Peck
245 #4 - TITLE STATEMENT
Title The teacher's funeral: a comedy in three parts
260 ## - PUBLICATION, DISTRIBUTION, ETC. (IMPRINT)
Name of publisher Puffin books
260 ## - PUBLICATION, DISTRIBUTION, ETC. (IMPRINT)
Year of publication 2004
300 ## - PHYSICAL DESCRIPTION
Number of Pages 190 p
650 ## - SUBJECT ADDED ENTRY--TOPICAL TERM
Topical Term Education- fiction
942 ## - ADDED ENTRY ELEMENTS (KOHA)
Koha item type Books
Holdings
Withdrawn status Lost status Source of classification or shelving scheme Damaged status Not for loan Permanent Location Current Location Date acquired Accession Number Price effective from Koha item type
    Library of Congress Classification     NILE UNIVERSITY OF NIGERIA - MAIN LIBRARY NILE UNIVERSITY OF NIGERIA - MAIN LIBRARY 04/23/2025 0007039 04/23/2025 Books